[Event "Guadalajara Peoneros op 5th"]
[Site "Guadalajara"]
[Date "2022.09.24"]
[Round "5"]
[White "Orozco Valencia, Zocimo Edilberto"]
[Black "Medina Calderon, Victor Manuel"]
[Result "0-1"]
[WhiteElo "1644"]
[BlackElo "1993"]
[PlyCount "126"]
[EventDate "2022.08.20"]
[EventType "swiss"]
[EventRounds "5"]
[EventCountry "MEX"]
[SourceTitle "EXT 2023"]
[Source "ChessBase"]
[SourceDate "2022.10.05"]
[SourceVersion "1"]
[SourceVersionDate "2022.10.05"]
[SourceQuality "1"]

1. e4 c5 2. Nf3 e6 3. g3 Nc6 4. Bg2 Nf6 5. d3 Be7 6. 0-0 d5 7. Nc3 0-0 8. Bg5 h6 9. Bxf6 Bxf6 10. Rb1 dxe4 11. Nxe4 Be7 12. Qd2 Qc7 13. a3 Rd8 14. Qe3 b6 15. h4 Bb7 16. Rfe1 Rac8 17. Nc3 Nd4 18. Rec1 Bc6 19. Ne1 Bxg2 20. Nxg2 Qc6 21. Qe4 Nf3+ 22. Kh1 Qxe4 23. Nxe4 f5 24. Nc3 g5 25. hxg5 hxg5 26. Ne1 Nd4 27. Kg2 g4 28. Kf1 Bg5 29. Rd1 Kf7 30. Ne2 Nc6 31. Ng2 Rh8 32. Ngf4 Rh2 33. c3 Rch8 34. d4 Rh1+ 35. Ng1 Bxf4 36. gxf4 cxd4 37. cxd4 Ne7 38. Kg2 Nd5 39. Kg3 Nf6 40. f3 Nh5+ 41. Kf2 g3+ 42. Ke3 Nf6 43. Ne2 Nd5+ 44. Kd3 Rxd1+ 45. Rxd1 g2 46. Rg1 Rg8 47. Kd2 Ke7 48. Ke1 Kd6 49. Kf2 Rc8 50. Rxg2 Rc2 51. Kg3 Rxb2 52. Nc1 Rxg2+ 53. Kxg2 Nxf4+ 54. Kf2 Kd5 55. Ke3 Ng6 56. Kd3 Nh4 57. f4 Ng2 58. Ne2 b5 59. Nc3+ Kc6 60. Ne2 a6 61. Kc3 Kb6 62. Kb4 Ne3 63. Nc3 Nc2+ 0-1